სტუდენტების განწყობა უმცირესობისადმი და მედიის როლი / (ბიბ.ჩანაწერი № 54321)
[ მარტივი ფორმატი ]
| 000 -ლიდერი | |
|---|---|
| ფიქსირებული სიგრძის საკონტროლო ველი | 01323nam a2200265Ia 4500 |
| 001 - საკონტროლო ნომერი | |
| საკონტროლო ველი | 21377 |
| 003 - საკონტროლო ნომრის იდენტიფიკატორი | |
| საკონტროლო ველი | GE_BSU |
| 005 - ბოლო ოპერაციის თარიღი და დრო | |
| საკონტროლო ველი | 20211104150025.0 |
| 008 - ფიქსირებული სიგრძის მონაცემთა ელემენტები - ზოგადი ინფორმაცია | |
| ფიქსირებული სიგრძის საკონტროლო ველი | 181216s2017||||ge |||||||||||||| ||geo|| |
| 020 ## - წიგნის საერთაშორისო სტანდარტული ნომერი | |
| International Standard Book Number | 9789941271137 |
| 040 ## - კატალოგიზაციის წყარო | |
| Transcribing agency | GE_BSU |
| 041 ## - ენის კოდი | |
| Language code of text/sound track or separate title | geo |
| 080 ## - უნივერსალური ათობითი კლასიფიკაციის ინდექსი | |
| Universal Decimal Classification number | 314+070 ს-28 |
| 245 ## - ცნობა სათაურის შესახებ | |
| Title | სტუდენტების განწყობა უმცირესობისადმი და მედიის როლი / |
| Statement of responsibility, etc | რედ. პაატა შამუგია ; თარგმ. მ.შერვაშიძე. |
| 264 ## - წარმოების, გამოცემის, დისტრიბუციის და სხვა ცნობები | |
| გამოცემის, წარმოების, დისტრიბუციის... ადგილი | თბილისი : |
| გამოცემის, წარმოების, დისტრიბუციის... სახელწოდება | [?], |
| გამოცემის, წარმოების, დისტრიბუციის... თარიღი | 2017. |
| 300 ## - ფიზიკური აღწერა | |
| Extent | 89 გვ. ; |
| Dimensions | 21 სმ. |
| 490 ## - სერიის ცნობა | |
| Series statement | ტოლერანტობისა და მრავალფეროვნების ინსტიტუტი |
| 520 ## - SUMMARY, ETC. | |
| Summary, etc | წიგნის მეორე მხარე ინგლისურ ენაზე |
| 653 ## - INDEX TERM--UNCONTROLLED | |
| Uncontrolled term | საზოგადოება |
| 653 ## - INDEX TERM--UNCONTROLLED | |
| Uncontrolled term | სტუდენტების განწყობა უმცირესობისადმი და მედიის როლი |
| 700 ## - ADDED ENTRY--PERSONAL NAME | |
| Personal name | შამუგია, პაატა |
| Relator term | რედაქტორი |
| 9 (RLIN) | 12818 |
| 700 ## - ADDED ENTRY--PERSONAL NAME | |
| Personal name | შერვაშიძე, მ. |
| Relator term | მთარგმნელი |
| 9 (RLIN) | 12819 |
| 942 ## - ADDED ENTRY ELEMENTS (KOHA) | |
| Koha item type | წიგნი |
| Source of classification or shelving scheme | |
| ჩამოწერის სტატუსი | დაკარგული ეგზემპლარის სტატუსი | კლასიფიკაციის წყარო ან თაროზე გაწყობის სქემა | დაზიანების სტატუსი | არ გაიცემა | მუდმივი მდებარეობა (დაცვის ადგილი) | ამჟამინდელი ადგილსამყოფელი | თაროზე განთავსების ადგილი | შეძენის თარიღი | ღირებულება, შესყიდვის ნორმალური ფასი | სრული შენახვის შიფრი | შტრიხკოდი | ბოლო ოპერაციის თარიღი | ეგზემპლარის მიმდევრობითი ნომერი (კეტერი?) | ფასის ძალაში შესვლის თარიღი | ეგზემპლარის სახეობა | საჯარო შენიშვნა |
|---|---|---|---|---|---|---|---|---|---|---|---|---|---|---|---|---|
| ბათუმის შოთა რუსთაველის სახელმწიფო უნივერსიტეტის მთავარი ბიბლიოთეკა | ბათუმის შოთა რუსთაველის სახელმწიფო უნივერსიტეტის მთავარი ბიბლიოთეკა | წიგნსაცავი | 2018-12-17 | 8.00 | 314+070 ს-28 | 55321 | 2018-12-17 | 55321 | 2018-12-17 | წიგნი | 8.00 ₾. | |||||
| ბათუმის შოთა რუსთაველის სახელმწიფო უნივერსიტეტის მთავარი ბიბლიოთეკა | ბათუმის შოთა რუსთაველის სახელმწიფო უნივერსიტეტის მთავარი ბიბლიოთეკა | წიგნსაცავი | 2018-12-17 | 8.00 | 314+070 ს-28 | 55322 | 2018-12-17 | 55322 | 2018-12-17 | წიგნი | 8.00 ₾. | |||||
| ბათუმის შოთა რუსთაველის სახელმწიფო უნივერსიტეტის მთავარი ბიბლიოთეკა | ბათუმის შოთა რუსთაველის სახელმწიფო უნივერსიტეტის მთავარი ბიბლიოთეკა | წიგნსაცავი | 2018-12-17 | 8.00 | 314+070 ს-28 | 55323 | 2018-12-17 | 55323 | 2018-12-17 | წიგნი | 8.00 ₾. | |||||
| ბათუმის შოთა რუსთაველის სახელმწიფო უნივერსიტეტის მთავარი ბიბლიოთეკა | ბათუმის შოთა რუსთაველის სახელმწიფო უნივერსიტეტის მთავარი ბიბლიოთეკა | წიგნსაცავი | 2018-12-17 | 8.00 | 314+070 ს-28 | 55324 | 2018-12-17 | 55324 | 2018-12-17 | წიგნი | 8.00 ₾. | |||||
| ბათუმის შოთა რუსთაველის სახელმწიფო უნივერსიტეტის მთავარი ბიბლიოთეკა | ბათუმის შოთა რუსთაველის სახელმწიფო უნივერსიტეტის მთავარი ბიბლიოთეკა | წიგნსაცავი | 2018-12-17 | 8.00 | 314+070 ს-28 | 55325 | 2018-12-17 | 55325 | 2018-12-17 | წიგნი | 8.00 ₾. | |||||
| ბათუმის შოთა რუსთაველის სახელმწიფო უნივერსიტეტის მთავარი ბიბლიოთეკა | ბათუმის შოთა რუსთაველის სახელმწიფო უნივერსიტეტის მთავარი ბიბლიოთეკა | წიგნსაცავი | 2018-12-17 | 8.00 | 314+070 ს-28 | 55326 | 2018-12-17 | 55326 | 2018-12-17 | წიგნი | 8.00 ₾. |
